[Event "World Blitz 2015"]
[Site "Berlin GER"]
[Date "2015.10.14"]
[Round "19.45"]
[White "Zvjaginsev, Vadim"]
[Black "Schneider, Ilja"]
[Result "0-1"]
[WhiteTitle "GM"]
[BlackTitle "IM"]
[WhiteElo "2660"]
[BlackElo "2481"]
[WhiteFideId "4113403"]
[BlackFideId "4663306"]
[EventDate "2015.10.13"]

1. e4 e5 2. Nf3 d6 3. d4 exd4 4. Nxd4 Nf6 5. Nc3 Be7 6. g3 d5 7. e5 Ng4 8. Bg2
O-O 9. Nxd5 Bc5 10. c3 c6 11. Ne3 Nxe5 12. O-O Nbd7 13. b4 Bb6 14. Bb2 Nf6 15.
c4 Nfg4 16. c5 Nxe3 17. fxe3 Bc7 18. Nf5 Bxf5 19. Rxf5 Qe7 20. Qb3 Rad8 21. Raf1
Ng4 22. Bd4 Be5 23. Bxe5 Nxe5 24. e4 Rd4 25. a3 Rfd8 26. Qe3 Rd1 27. Rxd1 Rxd1+
28. Rf1 Qd8 29. h3 Qd4 30. Qxd4 Rxd4 31. Rb1 f6 32. b5 Ra4 33. Rb3 Kf7 34. h4
Ke7 35. Bh3 Kd8 36. bxc6 bxc6 37. Rb8+ Ke7 38. Rb7+ Kf8 39. Bf5 g6 40. Be6 h5
41. Rb8+ Ke7 42. Bh3 Rxa3 43. Rb7+ Kf8 44. Kf2 a5 45. Ra7 a4 46. Be6 Rf3+ 47.
Kg2 a3 48. Bd5 cxd5 49. exd5 Rc3 50. c6 Ke8 51. Kf2 Rc5 52. Rxa3 Rxd5 53. Ra8+
Rd8 54. Ra6 Rc8 55. c7 Ke7 56. Ra7 Kd7 57. Ra6 Nc6 0-1

[Event "World Blitz 2015"]
[Site "Berlin GER"]
[Date "2015.10.14"]
[Round "19.48"]
[White "Pavlidis, Antonios"]
[Black "Lenic, Luka"]
[Result "1-0"]
[WhiteTitle "GM"]
[BlackTitle "GM"]
[WhiteElo "2522"]
[BlackElo "2639"]
[WhiteFideId "4212312"]
[BlackFideId "14603853"]
[EventDate "2015.10.13"]

1. e4 c6 2. Nc3 d5 3. d4 dxe4 4. Nxe4 Nd7 5. Bd3 Ngf6 6. Ng5 e5 7. N1f3 exd4 8.
Bc4 Nd5 9. O-O Be7 10. Qxd4 N7f6 11. Ne5 O-O 12. Re1 Bf5 13. Bb3 h6 14. Ngf3 a5
15. a4 Bd6 16. Bd2 Re8 17. c4 c5 18. Qh4 Nb4 19. Rad1 Qc7 20. Bc3 Rad8 21. h3
Bh7 22. Ng4 Nxg4 23. Qxg4 Bf8 24. Nh4 Rxe1+ 25. Rxe1 Qc8 26. Qf3 Qc6 27. Qg3 Qd6
28. Be5 Qd3 29. Re3 Qb1+ 30. Kh2 Nd3 31. Bc7 Rc8 32. Bxa5 Rc6 33. Bc3 Bd6 34.
Re8+ Bf8 35. Qxg7# 1-0

[Event "World Blitz 2015"]
[Site "Berlin GER"]
[Date "2015.10.14"]
[Round "19.49"]
[White "Perunovic, Milos"]
[Black "Lagarde, Maxime"]
[Result "1-0"]
[WhiteTitle "GM"]
[BlackTitle "GM"]
[WhiteElo "2622"]
[BlackElo "2550"]
[WhiteFideId "921629"]
[BlackFideId "662399"]
[EventDate "2015.10.13"]

1. e4 c5 2. Nc3 Nc6 3. Bb5 Nd4 4. Nf3 e6 5. Bc4 a6 6. d3 Nf6 7. O-O b5 8. Bb3
Bb7 9. Nxd4 cxd4 10. Ne2 Bc5 11. h3 Qc7 12. Bd2 d5 13. exd5 Nxd5 14. Ng3 Ne3 15.
Bxe3 dxe3 16. d4 O-O-O 17. Ne2 exf2+ 18. Rxf2 Bd6 19. a4 b4 20. Qd3 Kb8 21. Raf1
Rd7 22. c4 bxc3 23. bxc3 Ka7 24. c4 Bb4 25. Qe3 a5 26. Nc3 Ba6 27. Nb5+ Bxb5 28.
axb5 Rhd8 29. c5 Kb8 30. b6 Qc6 31. Rxf7 a4 32. Bxe6 Rxf7 33. Rxf7 1-0

[Event "World Blitz 2015"]
[Site "Berlin GER"]
[Date "2015.10.14"]
[Round "19.50"]
[White "Kryvoruchko, Yuriy"]
[Black "Shabalov, Alexander"]
[Result "1-0"]
[WhiteTitle "GM"]
[BlackTitle "GM"]
[WhiteElo "2710"]
[BlackElo "2522"]
[WhiteFideId "14109182"]
[BlackFideId "2008572"]
[EventDate "2015.10.13"]

1. Nf3 Nf6 2. b3 g6 3. Bb2 Bg7 4. e3 O-O 5. c4 b6 6. Be2 Bb7 7. O-O e6 8. Qc2 d5
9. cxd5 exd5 10. Nc3 a6 11. Rac1 Nbd7 12. d4 Re8 13. Rfd1 Rc8 14. b4 b5 15. a4
c6 16. a5 h5 17. Nd2 Ng4 18. h3 Nh6 19. Bd3 Re6 20. Nf3 Qe7 21. e4 Qxb4 22. Ra1
Qe7 23. exd5 cxd5 24. Qd2 Nf6 25. Ne5 Ne4 26. Bxe4 dxe4 27. Qf4 g5 28. Qd2 f6
29. Ng6 Qf7 30. d5 Rd6 31. Nxe4 Rxd5 32. Qe2 Qxg6 33. Nd6 Rxd6 34. Rxd6 Nf5 35.
Rd7 Bc6 36. Qe6+ Kh7 37. Rxg7+ Nxg7 38. Qxc8 Qe4 39. f3 Qe3+ 40. Kh1 Bxf3 41.
gxf3 Qxf3+ 42. Kg1 Qe3+ 43. Kf1 Qf3+ 44. Ke1 Qe3+ 45. Kd1 Qd3+ 46. Kc1 Qf1+ 47.
Kc2 Qe2+ 48. Kb1 Kh6 49. Ka2 Ne6 50. Qh8+ 1-0

[Event "World Blitz 2015"]
[Site "Berlin GER"]
[Date "2015.10.14"]
[Round "19.51"]
[White "Inarkiev, Ernesto"]
[Black "Ganguly, Surya Shekhar"]
[Result "1-0"]
[WhiteTitle "GM"]
[BlackTitle "GM"]
[WhiteElo "2660"]
[BlackElo "2652"]
[WhiteFideId "4162722"]
[BlackFideId "5002150"]
[EventDate "2015.10.13"]

1. d4 Nf6 2. c4 e6 3. Nf3 b6 4. g3 Ba6 5. Qc2 Bb7 6. Bg2 c5 7. d5 exd5 8. cxd5
Nxd5 9. O-O Nc6 10. Rd1 Be7 11. Qa4 Nf6 12. g4 O-O 13. Nc3 d6 14. g5 Ne8 15. Bf4
Nc7 16. Rd2 Ne6 17. Rad1 Ncd4 18. Nxd4 cxd4 19. Bxb7 dxc3 20. bxc3 Rb8 21. Rxd6
Bxd6 22. Rxd6 Qc7 23. Rxe6 Qxb7 24. Bxb8 fxe6 25. Be5 Qd5 26. f4 a5 27. h4 Rd8
28. Kf2 Qc5+ 29. Kg2 Rc8 30. Kf3 Qd5+ 31. Ke3 Ra8 32. Qa3 b5 33. Qe7 1-0

[Event "World Blitz 2015"]
[Site "Berlin GER"]
[Date "2015.10.14"]
[Round "19.52"]
[White "Nikolic, Predrag"]
[Black "Piorun, Kacper"]
[Result "0-1"]
[WhiteTitle "GM"]
[BlackTitle "GM"]
[WhiteElo "2603"]
[BlackElo "2609"]
[WhiteFideId "14400014"]
[BlackFideId "1130420"]
[EventDate "2015.10.13"]

1. d4 d5 2. c4 dxc4 3. Nf3 Nf6 4. e3 b5 5. a4 b4 6. Bxc4 e6 7. O-O Be7 8. Qe2
O-O 9. e4 Bb7 10. Nbd2 Nbd7 11. e5 Nd5 12. Ne4 c5 13. Bg5 Bxg5 14. Nexg5 h6 15.
Ne4 cxd4 16. g3 Ne7 17. Rfd1 Qa5 18. Ned2 Ng6 19. Bb5 Qd8 20. Nc4 Bxf3 21. Qxf3
Ndxe5 22. Nxe5 Nxe5 23. Qe4 Qf6 24. f4 Ng4 25. Qxd4 Qxd4+ 26. Rxd4 a5 27. Be2
Ne3 28. Rc1 Rac8 29. Rxc8 Rxc8 30. Kf2 Nf5 31. Rd2 Kf8 32. g4 Ne7 33. Bf3 Ng6
34. Ke3 Ke7 35. Be4 Nf8 36. h4 Nd7 37. g5 hxg5 38. hxg5 Nb6 39. b3 Rc3+ 40. Rd3
Rxd3+ 41. Kxd3 Kd6 42. Kd4 f6 43. gxf6 gxf6 44. Bf3 Nd5 45. f5 e5+ 46. Kc4 Nc3
47. Bg2 e4 48. Kd4 Ne2+ 49. Kxe4 Nc1 50. Kd4 Nxb3+ 51. Kc4 Nc5 52. Bf3 Nxa4 53.
Kb5 Nc3+ 54. Kc4 Ke5 55. Bc6 Kxf5 0-1

[Event "World Blitz 2015"]
[Site "Berlin GER"]
[Date "2015.10.14"]
[Round "19.53"]
[White "Maze, Sebastien"]
[Black "Meier, Georg"]
[Result "0-1"]
[WhiteTitle "GM"]
[BlackTitle "GM"]
[WhiteElo "2582"]
[BlackElo "2654"]
[WhiteFideId "613762"]
[BlackFideId "4675789"]
[EventDate "2015.10.13"]

1. Nf3 d5 2. g3 Bg4 3. Bg2 e6 4. O-O Nf6 5. h3 Bh5 6. c4 c6 7. cxd5 exd5 8. d3
Be7 9. Qc2 O-O 10. e4 Na6 11. a3 Re8 12. Nc3 Nc5 13. e5 Nfd7 14. d4 Bg6 15. Qd1
Nd3 16. Ne1 Nxc1 17. Rxc1 f5 18. Nd3 Nf8 19. Nf4 Bf7 20. h4 h6 21. Re1 Ne6 22.
Nxe6 Bxe6 23. h5 Kh7 24. f4 Rg8 25. Bf3 g5 26. hxg6+ Rxg6 27. Kf2 Qg8 28. Ne2
Bd8 29. Rh1 Bb6 30. Rh5 Rc8 31. b4 Rc7 32. Qd3 Rf7 33. Rch1 Kg7 34. Qc3 Qd8 35.
Nc1 a5 36. Nd3 axb4 37. axb4 Ba7 38. Nc5 Bc8 39. Ra1 Qb6 40. Rhh1 Bb8 41. Ra8
Qc7 42. Bh5 Rf8 43. Bxg6 Kxg6 44. Qf3 Kg7 45. Qh5 Rh8 46. g4 Qb6 47. Rxb8 Qxb4
48. Qh3 Qd2+ 49. Kg3 fxg4 50. Qh2 Qe3+ 51. Kh4 Qxd4 52. Qg3 Qxc5 53. Rxc8 Qe7+
54. Kxg4 Rxc8 55. Kh5+ Kf8 56. Qg6 Qg7 57. Rg1 Qxg6+ 58. Rxg6 d4 59. Rd6 c5 60.
f5 c4 61. Kg6 c3 62. e6 c2 63. Rd7 c1=Q 0-1

[Event "World Blitz 2015"]
[Site "Berlin GER"]
[Date "2015.10.14"]
[Round "19.54"]
[White "Bologan, Viktor"]
[Black "Rakhmanov, Aleksandr"]
[Result "1-0"]
[WhiteTitle "GM"]
[BlackTitle "GM"]
[WhiteElo "2607"]
[BlackElo "2637"]
[WhiteFideId "13900048"]
[BlackFideId "4173708"]
[EventDate "2015.10.13"]

1. e4 e6 2. d4 d5 3. Nc3 dxe4 4. Nxe4 Bd7 5. Nf3 Bc6 6. Bd3 Nd7 7. Qe2 Ngf6 8.
Neg5 Bxf3 9. Nxf3 c6 10. Bd2 a5 11. O-O-O a4 12. Kb1 a3 13. b3 b5 14. c3 Be7 15.
g4 Nd5 16. g5 Qc7 17. h4 O-O-O 18. Be4 Bd6 19. Rc1 Nf4 20. Bxf4 Bxf4 21. Rc2 Nb6
22. Ne1 h6 23. g6 f5 24. Bg2 Rhe8 25. Nd3 Bd6 26. Qf3 Kb7 27. c4 bxc4 28. bxc4
Na4 29. c5 Be7 30. Nb4 Rxd4 31. Nxc6 Re4 32. Qb3+ Kxc6 33. Bxe4+ fxe4 34. Qxa4+
Kd5 35. Qxe8 Qb7+ 36. Kc1 Bf6 37. Qa4 Bb2+ 38. Kd1 Ke5 39. Re1 Bd4 40. Qb3 Qc6
41. Rce2 1-0

[Event "World Blitz 2015"]
[Site "Berlin GER"]
[Date "2015.10.14"]
[Round "19.55"]
[White "Lagno, Kateryna"]
[Black "Dlugy, Maxim"]
[Result "1-0"]
[WhiteTitle "GM"]
[BlackTitle "GM"]
[WhiteElo "2523"]
[BlackElo "2518"]
[WhiteFideId "14109336"]
[BlackFideId "2000075"]
[EventDate "2015.10.13"]

1. Nf3 Nf6 2. c4 g6 3. Nc3 Bg7 4. e4 d6 5. d4 O-O 6. Be2 e5 7. O-O exd4 8. Nxd4
Re8 9. f3 c6 10. Bg5 Qb6 11. Kh1 Nbd7 12. Na4 Qa5 13. Bd2 Qd8 14. Nc3 Nb6 15.
Bg5 h6 16. Bh4 g5 17. Bf2 d5 18. exd5 cxd5 19. c5 Nc4 20. Bxc4 dxc4 21. Qa4 Nd7
22. Rad1 Ne5 23. Nf5 Bxf5 24. Rxd8 Rexd8 25. Bg3 Nd3 26. Qxc4 Nxb2 27. Qb3 Nd3
28. Ne4 Bg6 29. Qxb7 f5 30. Nd6 f4 31. Bf2 Nxf2+ 32. Rxf2 Rab8 33. Qd5+ Kh7 34.
Rf1 Rb4 35. Qe6 Rd4 36. h3 Bf8 37. Rc1 Rd2 38. Qf6 Rb8 39. Ne4 Bg7 40. Qxg6+
Kxg6 41. Nxd2 Kf5 42. Ne4 Be5 43. Rc4 Rb1+ 44. Kh2 Ke6 45. Ra4 Kd5 46. Rxa7 Bd4
47. Rd7+ Ke5 48. h4 gxh4 49. c6 Rc1 50. c7 Bb6 51. Rh7 Rc6 52. Rxh6 Rxc7 53.
Rxb6 Rc2 54. a4 Ra2 55. Ra6 Kd4 56. Ra8 Ke3 57. a5 Ke2 58. Nc3+ 1-0

[Event "World Blitz 2015"]
[Site "Berlin GER"]
[Date "2015.10.14"]
[Round "19.56"]
[White "Ehlvest, Jaan"]
[Black "Romanov, Evgeny"]
[Result "0-1"]
[WhiteTitle "GM"]
[BlackTitle "GM"]
[WhiteElo "2535"]
[BlackElo "2573"]
[WhiteFideId "4500016"]
[BlackFideId "4148843"]
[EventDate "2015.10.13"]

1. Nf3 d5 2. c4 d4 3. b4 g6 4. Bb2 Bg7 5. e3 e5 6. exd4 e4 7. Ne5 f6 8. Ng4 Bxg4
9. Qxg4 f5 10. Qd1 Bxd4 11. Nc3 Nc6 12. a3 Nf6 13. Be2 Ne5 14. h3 Qd7 15. O-O
O-O-O 16. Qc2 f4 17. Nb5 Bxb2 18. Qxb2 Rhe8 19. d4 exd3 20. Rfd1 a6 21. Nc3 f3
22. Bf1 fxg2 23. Bxg2 Qf5 24. b5 a5 25. b6 c6 26. Kh1 Nf3 27. Nb5 Qf4 28. Bxf3
Qxf3+ 29. Kg1 Re2 0-1

[Event "World Blitz 2015"]
[Site "Berlin GER"]
[Date "2015.10.14"]
[Round "19.57"]
[White "Sethuraman, S.P."]
[Black "Bok, Benjamin"]
[Result "0-1"]
[WhiteTitle "GM"]
[BlackTitle "GM"]
[WhiteElo "2640"]
[BlackElo "2591"]
[WhiteFideId "5021596"]
[BlackFideId "1017063"]
[EventDate "2015.10.13"]

1. d4 Nf6 2. Nc3 d5 3. Bf4 e6 4. e3 Bb4 5. Ne2 O-O 6. a3 Bd6 7. Bg3 c5 8. Nf4
Nc6 9. dxc5 Bxc5 10. Be2 b6 11. Qd2 Bb7 12. Bh4 Be7 13. O-O-O Rc8 14. Kb1 Ne4
15. Nxe4 Bxh4 16. Nc3 Na5 17. Nh5 g6 18. Nf4 Bf6 19. Na2 Qc7 20. h4 Rfd8 21. h5
Nc4 22. Bxc4 dxc4 23. Qe2 c3 24. hxg6 hxg6 25. Nxc3 Bxc3 26. bxc3 Qxc3 27. Rxd8+
Rxd8 28. Rd1 Rxd1+ 29. Qxd1 Qxa3 30. Qd8+ Qf8 31. Qd7 Qc8 32. Qd4 Qc5 33. Qd8+
Kg7 34. Nxe6+ fxe6 35. Qd7+ Kf6 36. Qxb7 Qb4+ 37. Ka2 Qa4+ 38. Kb2 Qb4+ 39. Ka2
Qa4+ 40. Kb2 Qb5+ 41. Kc3 Qc5+ 42. Kb2 Qb4+ 43. Ka2 Qa4+ 44. Kb2 Qb5+ 45. Kc3
Qe5+ 46. Kd2 Qa5+ 47. Ke2 Qb5+ 48. Kd2 Qa5+ 49. Ke2 Qb5+ 50. Kd2 Qd5+ 51. Qxd5
exd5 52. f4 Kf5 53. Kd3 a5 54. Kd4 a4 55. Kc3 b5 56. Kb4 Kg4 57. Ka3 Kg3 58. Kb4
Kxg2 59. c4 bxc4 0-1

[Event "World Blitz 2015"]
[Site "Berlin GER"]
[Date "2015.10.14"]
[Round "19.58"]
[White "Zhang, Zhong"]
[Black "Godena, Michele"]
[Result "1-0"]
[WhiteTitle "GM"]
[BlackTitle "GM"]
[WhiteElo "2619"]
[BlackElo "2513"]
[WhiteFideId "8600694"]
[BlackFideId "800090"]
[EventDate "2015.10.13"]

1. Nf3 d5 2. g3 Nc6 3. Bg2 e5 4. d3 Nf6 5. O-O Be7 6. Nbd2 e4 7. Ne1 Bf5 8. e3
Bg4 9. f3 exf3 10. Nexf3 Qd7 11. Qe1 O-O-O 12. a3 Rde8 13. b4 Bd6 14. Bb2 Ne5
15. Nd4 h5 16. N2b3 h4 17. Nc5 Bxc5 18. bxc5 Bh3 19. gxh4 Bxg2 20. Kxg2 Nfg4 21.
Qg3 g5 22. Nf5 gxh4 23. Qf4 h3+ 24. Kh1 Rh5 25. Ng7 Reh8 26. Nxh5 Rxh5 27. Rg1
Rf5 28. Rxg4 Rxf4 29. Rg8+ 1-0

[Event "World Blitz 2015"]
[Site "Berlin GER"]
[Date "2015.10.14"]
[Round "19.59"]
[White "Handke, Florian"]
[Black "Hjartarson, Johann"]
[Result "0-1"]
[WhiteTitle "GM"]
[BlackTitle "GM"]
[WhiteElo "2531"]
[BlackElo "2529"]
[WhiteFideId "4634527"]
[BlackFideId "2300044"]
[EventDate "2015.10.13"]

1. d4 Nf6 2. Nf3 e6 3. c4 Bb4+ 4. Bd2 a5 5. g3 d6 6. Bg2 Nbd7 7. O-O e5 8. a3
Bxd2 9. Qxd2 O-O 10. Nc3 exd4 11. Nxd4 a4 12. e3 Nc5 13. Qc2 Re8 14. h3 Bd7 15.
Rad1 h5 16. Rfe1 g6 17. Nde2 Bf5 18. e4 Ncxe4 19. Nxe4 Bxe4 20. Bxe4 Rxe4 21.
Nf4 Rxe1+ 22. Rxe1 Qd7 23. Kg2 Re8 24. Rxe8+ Qxe8 25. Qc3 Qe5 26. Qb4 Qe4+ 27.
Kg1 b6 28. Qxa4 Qb1+ 29. Kg2 Qxb2 30. Nd5 Nxd5 31. cxd5 Qc3 32. Qa8+ Kg7 33. a4
Qc5 34. h4 Qc4 35. Kg1 Qe4 36. Kh2 Qf5 37. Kg1 Qc2 38. Kg2 Qc4 39. Kg1 Kf6 40.
Qh8+ Ke7 41. Qa8 Qb4 42. Kg2 Qa5 43. Qc6 Qc5 44. Qa8 b5 45. axb5 Qxb5 46. Kg1
Qc5 47. Kg2 Kf6 48. Qh8+ Kf5 49. Qa8 Ke4 50. Qe8+ Kd4 51. Qe3+ Kxd5 52. Qf3+ Ke6
53. Qe4+ Qe5 54. Qa4 Ke7 55. Qc6 Qc5 56. Qe4+ Kd7 57. Qa8 Qc6+ 0-1

[Event "World Blitz 2015"]
[Site "Berlin GER"]
[Date "2015.10.14"]
[Round "19.60"]
[White "Wagner, Dennis"]
[Black "Stefansson, Hannes"]
[Result "1-0"]
[WhiteTitle "GM"]
[BlackTitle "GM"]
[WhiteElo "2575"]
[BlackElo "2602"]
[WhiteFideId "24650684"]
[BlackFideId "2300087"]
[EventDate "2015.10.13"]

1. d4 Nf6 2. c4 e6 3. Nf3 d5 4. Nc3 c6 5. e3 Nbd7 6. Qc2 Bd6 7. Bd3 O-O 8. O-O
dxc4 9. Bxc4 b5 10. Be2 Bb7 11. e4 e5 12. dxe5 Nxe5 13. Nd4 Neg4 14. g3 Bc5 15.
Nf5 Qb6 16. Kg2 Rfe8 17. Bf4 g6 18. h3 gxf5 19. hxg4 Nxe4 20. gxf5 Nxc3 21. bxc3
Bf8 22. Bf3 c5 23. Bxb7 Qxb7+ 24. f3 Qe7 25. Rf2 Qf6 26. Rh1 c4 27. g4 Bg7 28.
g5 Qxc3 29. f6 Qxc2 30. Rxc2 Bf8 31. Kg3 Rac8 32. Rch2 h6 33. Kg4 Re6 34. Bc1 c3
35. Ba3 b4 36. Bxb4 Rc4+ 37. f4 Rxb4 38. Rc1 Ree4 39. Rf2 hxg5 40. Kxg5 Rxf4 41.
Rg2 Rfc4 42. Kf5+ Kh7 43. Rh1+ Rh4 44. Rhg1 Rb5# 1-0

[Event "World Blitz 2015"]
[Site "Berlin GER"]
[Date "2015.10.14"]
[Round "19.61"]
[White "Hausrath, Daniel"]
[Black "Fedorchuk, Sergey A."]
[Result "1-0"]
[WhiteTitle "GM"]
[BlackTitle "GM"]
[WhiteElo "2503"]
[BlackElo "2635"]
[WhiteFideId "4617495"]
[BlackFideId "14102536"]
[EventDate "2015.10.13"]

1. Nf3 Nf6 2. g3 b5 3. Bg2 Bb7 4. O-O e6 5. d3 c5 6. e4 d6 7. a4 a6 8. Re1 Nbd7
9. Nbd2 Be7 10. Nf1 O-O 11. h4 c4 12. Ne3 cxd3 13. cxd3 Nc5 14. a5 Rc8 15. Nh2
Qc7 16. Nhg4 Nfd7 17. b3 Ne5 18. d4 Nxg4 19. Nxg4 Nd7 20. Bb2 Qc2 21. Re2 Qxd1+
22. Rxd1 Rc7 23. Ne3 Rfc8 24. d5 e5 25. Bh3 g6 26. Ba3 Rd8 27. Rc2 Rxc2 28. Nxc2
Bc8 29. Nb4 Nc5 30. Bxc8 Rxc8 31. Nc6 Kf8 32. Bxc5 dxc5 33. Nxe5 Bd6 34. Nc6 Re8
35. Re1 f6 36. f4 c4 37. bxc4 bxc4 38. Kf2 c3 39. Kf3 Ba3 40. Re2 Bc1 41. Rc2
Bd2 42. d6 Rc8 43. d7 1-0

[Event "World Blitz 2015"]
[Site "Berlin GER"]
[Date "2015.10.14"]
[Round "19.63"]
[White "Heimann, Andreas"]
[Black "Van Wely, Loek"]
[Result "1/2-1/2"]
[WhiteTitle "IM"]
[BlackTitle "GM"]
[WhiteElo "2546"]
[BlackElo "2632"]
[WhiteFideId "24624632"]
[BlackFideId "1000268"]
[EventDate "2015.10.13"]

1. e4 c5 2. Nf3 e6 3. d4 cxd4 4. Nxd4 a6 5. c4 Nf6 6. Nc3 Bb4 7. Qd3 d6 8. Nc2
Bc5 9. b4 Ba7 10. Be3 Bxe3 11. Qxe3 a5 12. a3 axb4 13. axb4 Rxa1+ 14. Nxa1 Nc6
15. Nc2 O-O 16. Be2 d5 17. exd5 exd5 18. cxd5 Nxd5 19. Nxd5 Qxd5 20. O-O Qa2 21.
Qc5 Be6 22. b5 Na5 23. Nd4 Bc4 24. Bxc4 Qxc4 25. Qxc4 Nxc4 26. Rc1 Ra8 27. g3
Ra4 28. Nb3 Kf8 29. Nc5 Rb4 30. Nd3 Ra4 31. Nc5 Rb4 32. Nxb7 Rxb5 33. Rxc4 Rxb7
34. h4 g6 35. Kg2 h5 36. Ra4 Kg7 37. Ra6 Rb3 38. Rc6 Ra3 39. Rb6 Rc3 40. Ra6 1/2-1/2

[Event "World Blitz 2015"]
[Site "Berlin GER"]
[Date "2015.10.14"]
[Round "19.64"]
[White "Sumets, Andrey"]
[Black "Bezold, Michael"]
[Result "0-1"]
[WhiteTitle "GM"]
[BlackTitle "GM"]
[WhiteElo "2583"]
[BlackElo "2509"]
[WhiteFideId "14105500"]
[BlackFideId "4601718"]
[EventDate "2015.10.13"]

1. d4 Nf6 2. c4 c5 3. d5 e5 4. Nc3 d6 5. g3 Be7 6. Bg2 Nbd7 7. e4 Nf8 8. Nge2
Ng6 9. Bd2 O-O 10. O-O a6 11. a4 Bd7 12. Nc1 Rb8 13. a5 b5 14. axb6 Rxb6 15. b3
Re8 16. Nd3 Qb8 17. Ra3 h6 18. Qc2 Bf8 19. Rb1 Nh7 20. Na4 Rb7 21. b4 cxb4 22.
Rxb4 Rxb4 23. Bxb4 Rc8 24. Ba5 Bxa4 25. Rxa4 Nf6 26. Nb4 Ne7 27. Nxa6 Qb7 28.
Bd2 Nd7 29. Nb4 Nb6 30. Ra1 Nxc4 31. Be1 Ne3 32. Qa4 Nxg2 33. Kxg2 f5 34. Qa6
Qd7 35. f3 fxe4 36. fxe4 Qg4 37. Qd3 Ng6 38. Kh1 Be7 39. Bd2 Rf8 40. Rf1 Rxf1+
41. Qxf1 Qxe4+ 42. Qg2 Qd4 43. Nc6 Qa1+ 44. Qg1 Qa2 45. Qg2 Bf6 46. h4 e4 47.
Qxe4 Qxd2 48. Qxg6 Qxd5+ 49. Kh2 Qxc6 0-1

[Event "World Blitz 2015"]
[Site "Berlin GER"]
[Date "2015.10.14"]
[Round "19.65"]
[White "Shchekachev, Andrei"]
[Black "Volokitin, Andrei"]
[Result "1/2-1/2"]
[WhiteTitle "GM"]
[BlackTitle "GM"]
[WhiteElo "2531"]
[BlackElo "2639"]
[WhiteFideId "4107730"]
[BlackFideId "14107090"]
[EventDate "2015.10.13"]

1. Nf3 c5 2. e3 g6 3. d4 Bg7 4. d5 Nf6 5. c4 O-O 6. Nc3 e6 7. Be2 exd5 8. cxd5
d6 9. O-O Re8 10. Nd2 Nbd7 11. Rb1 a6 12. a4 Rb8 13. b3 Ne5 14. b4 c4 15. Nxc4
Nxc4 16. Bxc4 Qc7 17. Qb3 Bf5 18. e4 Nxe4 19. Nxe4 Rxe4 20. Bd3 Rxb4 21. Qxb4
Bxd3 22. Qb6 Qd7 23. Bf4 Bxf1 24. Rxf1 Be5 25. Bxe5 dxe5 26. d6 Rc8 27. Qb4 a5
28. Qa3 Rc4 29. Rd1 Rxa4 30. Qc3 Rd4 31. Rxd4 exd4 32. Qc7 Qe6 33. h3 Qe1+ 34.
Kh2 Qe5+ 35. Kg1 Qe1+ 36. Kh2 Qe5+ 37. Kg1 Qe1+ 38. Kh2 Qe5+ 1/2-1/2

[Event "World Blitz 2015"]
[Site "Berlin GER"]
[Date "2015.10.14"]
[Round "19.67"]
[White "Teske, Henrik"]
[Black "Motylev, Alexander"]
[Result "1-0"]
[WhiteTitle "GM"]
[BlackTitle "GM"]
[WhiteElo "2475"]
[BlackElo "2649"]
[WhiteFideId "4611500"]
[BlackFideId "4121830"]
[EventDate "2015.10.13"]

1. e4 c6 2. c4 d5 3. exd5 cxd5 4. cxd5 Nf6 5. Bb5+ Nbd7 6. Nc3 g6 7. Nf3 Bg7 8.
d6 e6 9. d4 O-O 10. O-O a6 11. Ba4 b5 12. Bb3 Bb7 13. d5 e5 14. Re1 Re8 15. Bg5
Qb6 16. Bxf6 Bxf6 17. Ne4 Bg7 18. Rc1 Rac8 19. Qd2 h6 20. h4 f5 21. Rc6 Qa7 22.
Ng3 e4 23. Rc7 Rcd8 24. h5 a5 25. Nh4 a4 26. Bc2 Qb6 27. Nxg6 Ba8 28. Nxf5 e3
29. Rxe3 Rxe3 30. Qxe3 Qxe3 31. fxe3 Bxb2 32. e4 a3 33. Nxh6+ Kg7 34. Nf5+ Kf6
35. Rxd7 Rxd7 36. e5+ Bxe5 37. g4 Bb2 38. Kf2 Bxd5 39. Kg3 Bxa2 40. Kh4 Bc4 41.
g5+ Ke6 42. Nf8+ Kd5 43. Nxd7 a2 44. Nb6+ Kc6 45. Nxc4 a1=Q 46. Be4+ Kc5 47.
Nxb2 Qe1+ 48. Ng3 Kxd6 49. h6 Qc3 50. Nd3 b4 51. h7 b3 52. g6 Ke7 53. g7 Qf6+
54. Kh5 Qf7+ 55. Kh4 Qf6+ 56. Kh3 Qe6+ 57. Nf5+ 1-0

[Event "World Blitz 2015"]
[Site "Berlin GER"]
[Date "2015.10.14"]
[Round "19.68"]
[White "Mikhalevski, Victor"]
[Black "Huzman, Alexander"]
[Result "1/2-1/2"]
[WhiteTitle "GM"]
[BlackTitle "GM"]
[WhiteElo "2536"]
[BlackElo "2580"]
[WhiteFideId "2801914"]
[BlackFideId "2803828"]
[EventDate "2015.10.13"]

1. Nf3 Nf6 2. g3 g6 3. b3 Bg7 4. Bb2 O-O 5. Bg2 c5 6. c4 d6 7. O-O e5 8. Nc3 Nc6
9. d3 Bf5 10. Ng5 h6 11. Nge4 Nxe4 12. dxe4 Be6 13. e3 a6 14. Qe2 Qa5 15. Rfd1
Rfd8 16. Rd2 Rab8 17. a4 Qc7 18. Qd1 Qe7 19. Qc2 Nb4 20. Qd1 Nc6 21. Nd5 Bxd5
22. Rxd5 Nb4 23. Rd2 Nc6 24. Bc3 Qc7 25. Qc2 Qe7 26. Rad1 Qc7 27. Rd3 Nb4 28.
Bxb4 cxb4 29. Qd2 b5 30. cxb5 axb5 31. axb5 Rxb5 32. Rxd6 Rxd6 33. Qxd6 Qxd6 34.
Rxd6 Rb7 35. Bf1 Bf8 36. Rc6 Kg7 37. Bc4 Ra7 38. Kg2 h5 39. Rb6 Be7 40. Rb5 Kf6
41. h3 Bf8 42. g4 hxg4 43. hxg4 g5 44. Rb6+ Kg7 45. Bd5 Be7 46. Kg3 Bf8 47. f4
Bc5 48. Rb5 Bxe3 49. fxe5 Bf4+ 50. Kf3 Bxe5 51. Rxb4 Rc7 52. Bc4 f6 53. Ra4 Kf8
54. Ke3 Ke7 55. Kd3 Rd7+ 56. Bd5 Rc7 57. Bc4 Rd7+ 58. Ke3 Bf4+ 59. Kf3 Rd2 60.
Ra7+ Kd8 61. Ra6 Be5 62. Ke3 Rc2 63. Kd3 Rc3+ 64. Kd2 Rg3 65. Be6 Kc7 66. Kc2
Rc3+ 67. Kd2 Rg3 68. Kc2 Rc3+ 69. Kb1 Re3 70. Ra4 Re1+ 71. Kc2 Re3 72. Rc4+ Kd6
73. Bf5 Re2+ 74. Kd3 Rb2 75. b4 Rb3+ 76. Kc2 Rb2+ 77. Kd3 Rb3+ 78. Kc2 Rb2+ 79.
Kc1 Rb3 80. Bg6 Rc3+ 1/2-1/2

[Event "World Blitz 2015"]
[Site "Berlin GER"]
[Date "2015.10.14"]
[Round "19.69"]
[White "Abel, Dennes"]
[Black "Nielsen, Peter Heine"]
[Result "1-0"]
[WhiteTitle "IM"]
[BlackTitle "GM"]
[WhiteElo "2441"]
[BlackElo "2654"]
[WhiteFideId "24605417"]
[BlackFideId "1400355"]
[EventDate "2015.10.13"]

1. d4 e6 2. c4 f5 3. Nf3 Nf6 4. Nc3 Bb4 5. Bd2 O-O 6. g3 b6 7. Bg2 Bb7 8. O-O
Qe7 9. Qc2 Ne4 10. Nxe4 Bxe4 11. Qc1 Bxd2 12. Qxd2 d6 13. Rac1 Nd7 14. Qc3 a5
15. b3 e5 16. dxe5 dxe5 17. c5 Bxf3 18. Bxf3 e4 19. c6 Ne5 20. Bg2 Rf6 21. f4
Nxc6 22. e3 Rc8 23. Rfd1 Nb4 24. a3 Rc6 25. Qd4 Rxc1 26. Rxc1 Nd3 27. Rc6 Rd8
28. Qc4+ Qf7 29. Qxf7+ Kxf7 30. Rxc7+ Ke6 31. g4 Nc5 32. gxf5+ Kxf5 33. Rxg7
Rd1+ 34. Kf2 Nd3+ 35. Kg3 Re1 36. Bh3+ Kf6 37. Rb7 Rxe3+ 38. Kh4 Nxf4 39. Rxb6+
Kg7 40. Rb7+ Kh6 41. Rb6+ Ng6+ 42. Kg4 Re2 43. b4 Ra2 44. bxa5 Rxa3 45. a6 e3
46. Bf1 Ra2 47. Bc4 e2 48. Re6 Ra4 49. Kf3 Rxc4 50. Kxe2 Ra4 51. Kf3 Kg5 52. Rb6
Ra3+ 53. Kg2 h5 54. Rb5+ Kg4 55. h3+ Kh4 56. Rb4+ Kg5 57. Rb5+ Kh6 58. Rb6 Kg7
59. Rb7+ Kf6 60. a7 Nf4+ 61. Kf1 Kg5 62. Ke1 Kf5 63. Kd1 Ke4 64. Kc1 Kf3 65.
Rb3+ Rxb3 66. a8=Q+ Kg3 67. Qg8+ Kh2 68. Qxb3 1-0